000 00521nam a2200217Ia 4500
999 _c23197
_d23197
003 0100
005 20200313101855.0
008 130303s9999 xx 000 0 und d
020 _a0869223550
040 _cARRUPELIB
050 _aPR9390.9.M84 C6 1985
100 _aMutasa, Garikai
_949655
245 4 _aThe Contact
_cGarikai Mutasa
260 _aGweru
260 _bMambo Press
260 _c1981
300 _a125p.
300 _b 18cm.
440 _aMambo Writers Series
_923545
942 _2lcc
_cMONOGRAPH